[Event "2BLN 1920 SG Turm Kiel II - SK Zehlendo"]
[Site "?"]
[Date "2019.10.19"]
[Round "1.1"]
[White "Demidov, Mikhail"]
[Black "Bromann, Thorbjorn"]
[Result "1-0"]
[WhiteElo "2564"]
[BlackElo "2400"]
[PlyCount "75"]
[EventDate "2019.??.??"]

1. d4 e6 2. e4 d5 3. Bd3 dxe4 4. Bxe4 Nf6 5. Bf3 c5 6. Ne2 cxd4 7. Qxd4 Nbd7 8.
Nbc3 Bc5 9. Qf4 O-O 10. O-O Qe7 11. Rd1 a6 12. Ng3 Ba7 13. Be3 Bxe3 14. Qxe3
Qc5 15. Qxc5 Nxc5 16. Rd6 Ncd7 17. Rad1 Ne5 18. Be2 Ne8 19. R6d2 b6 20. f4 Ng6
21. Bf3 Rb8 22. Nge2 e5 23. Nd5 Be6 24. fxe5 Nxe5 25. Nef4 Nxf3+ 26. gxf3 Rb7
27. c4 g5 28. Rg2 h6 29. h4 Bxd5 30. Rxd5 Nf6 31. Rd6 Nh7 32. Rxh6 f6 33. hxg5
fxg5 34. Ne6 Rxf3 35. Nxg5 Nxg5 36. Rxg5+ Kf8 37. Rh8+ Ke7 38. Rg7+ 1-0

[Event "2BLN 1920 SG Turm Kiel II - SK Zehlendo"]
[Site "?"]
[Date "2019.10.19"]
[Round "1.2"]
[White "Michna, Marta"]
[Black "Lagunow, Raphael"]
[Result "1/2-1/2"]
[WhiteElo "2363"]
[BlackElo "2438"]
[PlyCount "67"]
[EventDate "2019.??.??"]

1. d4 d5 2. Bf4 Nf6 3. e3 c5 4. c3 Nc6 5. Nd2 e6 6. Ngf3 cxd4 7. exd4 Nh5 8.
Bg5 f6 9. Be3 Bd6 10. Bd3 Nf4 11. Bxf4 Bxf4 12. O-O O-O 13. Qc2 f5 14. Rfe1 Qf6
15. Re2 Bd7 16. Rae1 a6 17. Nb3 b6 18. a4 g5 19. g3 Bd6 20. a5 bxa5 21. Nc5
Bxc5 22. dxc5 Rfc8 23. Qd2 g4 24. Ne5 Nxe5 25. Rxe5 Rxc5 26. c4 Rd8 27. cxd5
Bc8 28. dxe6 Rxe5 29. Rxe5 Rxd3 30. Qxd3 Qxe5 31. Qd8+ Kg7 32. Qg5+ Kf8 33.
Qd8+ Kg7 34. Qg5+ 1/2-1/2

[Event "2BLN 1920 SG Turm Kiel II - SK Zehlendo"]
[Site "?"]
[Date "2019.10.19"]
[Round "1.3"]
[White "Malek, Daniel"]
[Black "Pajeken, Jakob"]
[Result "1-0"]
[WhiteElo "2342"]
[BlackElo "2323"]
[PlyCount "77"]
[EventDate "2019.??.??"]

1. d4 d5 2. c4 dxc4 3. Nf3 a6 4. e3 Nf6 5. Bxc4 e6 6. O-O c5 7. Bd3 b6 8. e4
Bb7 9. e5 Nfd7 10. Re1 cxd4 11. Bg5 Be7 12. Bxe7 Qxe7 13. Nxd4 Nc6 14. Nxc6
Bxc6 15. Qh5 Nc5 16. Bc2 Rd8 17. Nc3 Rd2 18. Rac1 h6 19. Red1 g6 20. Qg4 Rxd1+
21. Rxd1 Nd7 22. Be4 Nxe5 23. Qf4 Qc5 24. Bxc6+ Nxc6 25. Ne4 Qe7 26. Rc1 g5 27.
Qd2 Nd8 28. Qd4 O-O 29. Nf6+ Kh8 30. Qe5 Qb4 31. g3 Qb5 32. Qc3 e5 33. Qc2 Kg7
34. Qf5 Ne6 35. Ng4 Rd8 36. Qf6+ Kf8 37. Nxe5 Qe8 38. Ng6+ Kg8 39. Qh8# 1-0

[Event "2BLN 1920 SG Turm Kiel II - SK Zehlendo"]
[Site "?"]
[Date "2019.10.19"]
[Round "1.4"]
[White "Hoi, Carsten"]
[Black "Meister, Jakob"]
[Result "0-1"]
[WhiteElo "2320"]
[BlackElo "2410"]
[PlyCount "60"]
[EventDate "2019.??.??"]

1. d4 d5 2. Nf3 Bf5 3. Bg5 h6 4. Bh4 c6 5. e3 Qb6 6. Nbd2 e6 7. Bd3 Bxd3 8.
cxd3 Nd7 9. O-O Ne7 10. Rb1 Nf5 11. Bg3 Be7 12. b4 h5 13. Nb3 g5 14. e4 Nxg3
15. hxg3 g4 16. Nh4 Qd8 17. Nc5 Nxc5 18. bxc5 b5 19. a4 a6 20. Re1 Bf6 21. Qb3
Bxd4 22. exd5 Qxd5 23. Qxd5 cxd5 24. Nf5 Bxc5 25. axb5 Kd7 26. Rec1 Ba3 27. Rc3
axb5 28. Nd4 b4 29. Rcb3 Rhc8 30. Nb5 Rc5 0-1

[Event "2BLN 1920 SG Turm Kiel II - SK Zehlendo"]
[Site "?"]
[Date "2019.10.19"]
[Round "1.5"]
[White "Lagunow, Alexander"]
[Black "Luckow, Rolf"]
[Result "1-0"]
[WhiteElo "2363"]
[BlackElo "2220"]
[PlyCount "77"]
[EventDate "2019.??.??"]

1. c4 c6 2. Nf3 Nf6 3. Nc3 d5 4. e3 a6 5. c5 e5 6. Nxe5 Bxc5 7. d4 Bd6 8. Bd3
O-O 9. O-O Qe7 10. f4 Re8 11. Qf3 Nbd7 12. g4 Nf8 13. g5 N6d7 14. Bd2 Nxe5 15.
fxe5 Bc7 16. e4 dxe4 17. Nxe4 Qe6 18. Kh1 Qd5 19. Be3 Be6 20. b3 Qd8 21. Rf2
Bd5 22. Kg1 Re7 23. Qg3 Ng6 24. Nf6+ gxf6 25. gxf6 Rxe5 26. Bxg6 hxg6 27. dxe5
Qe8 28. Bd4 c5 29. Bc3 c4 30. Rd1 Rd8 31. Rfd2 Qc6 32. b4 Bb6+ 33. Kf1 Qe6 34.
Bd4 Be4 35. Bxb6 Rxd2 36. Rxd2 Qxb6 37. Qf4 Bd3+ 38. Rxd3 cxd3 39. Qh6 1-0

[Event "2BLN 1920 SG Turm Kiel II - SK Zehlendo"]
[Site "?"]
[Date "2019.10.19"]
[Round "1.6"]
[White "Zeller, Joerg"]
[Black "Figura, Atila"]
[Result "1/2-1/2"]
[WhiteElo "2179"]
[BlackElo "2384"]
[PlyCount "71"]
[EventDate "2019.??.??"]

1. d4 Nf6 2. Nf3 e6 3. g3 b6 4. Bg2 Bb7 5. O-O g6 6. c4 Bg7 7. Nc3 d5 8. cxd5
exd5 9. Qa4+ c6 10. Qa3 Bf8 11. Qb3 Be7 12. Bh6 Ng4 13. Bg7 Rg8 14. Be5 Nxe5
15. Nxe5 Nd7 16. e4 Nxe5 17. exd5 Ba6 18. dxe5 Bxf1 19. Rxf1 Bc5 20. Rd1 Qg5
21. Kf1 Kf8 22. f4 Qh5 23. Ne4 Kg7 24. h4 cxd5 25. Ng5 Rad8 26. Bf3 Qh6 27.
Rxd5 Rxd5 28. Qxd5 Rf8 29. Qd7 Kg8 30. Bd5 Qg7 31. Kg2 a5 32. Kf3 h6 33. Ne4
Kh8 34. Nf6 h5 35. b3 Bb4 36. a4 1/2-1/2

[Event "2BLN 1920 SG Turm Kiel II - SK Zehlendo"]
[Site "?"]
[Date "2019.10.19"]
[Round "1.7"]
[White "Heinig, Wolfram"]
[Black "Boehm, Thomas"]
[Result "1-0"]
[WhiteElo "2231"]
[BlackElo "2136"]
[PlyCount "81"]
[EventDate "2019.??.??"]

1. d4 d5 2. c4 e6 3. Nf3 c6 4. g3 dxc4 5. Bg2 b5 6. O-O Bb7 7. Nc3 Nd7 8. e4 a6
9. d5 e5 10. Nh4 g6 11. Kh1 Bg7 12. Be3 Ne7 13. f4 cxd5 14. exd5 O-O 15. f5 b4
16. d6 Bxg2+ 17. Kxg2 bxc3 18. dxe7 Qxe7 19. bxc3 Nf6 20. Rb1 Rfd8 21. Qc1 Qd7
22. Bg5 Qc6+ 23. Kh3 Rd3 24. fxg6 fxg6 25. Bxf6 Bxf6 26. Rb2 Qe6+ 27. Kg2 Bxh4
28. gxh4 Qg4+ 29. Kh1 Rf8 30. Rxf8+ Kxf8 31. Qh6+ Kf7 32. Qxh7+ Ke6 33. Rb6+
Kf5 34. Qf7+ Ke4 35. Qxc4+ Rd4 36. cxd4 Qd1+ 37. Kg2 Qf3+ 38. Kg1 Qd1+ 39. Kf2
Qf3+ 40. Ke1 Qh1+ 41. Kd2 1-0

[Event "2BLN 1920 SG Turm Kiel II - SK Zehlendo"]
[Site "?"]
[Date "2019.10.19"]
[Round "1.8"]
[White "Budzyn, Matthias"]
[Black "Brustkern, Juergen"]
[Result "1/2-1/2"]
[WhiteElo "2094"]
[BlackElo "2208"]
[PlyCount "49"]
[EventDate "2019.??.??"]

1. e4 e5 2. Nf3 Nc6 3. Bc4 Nf6 4. d3 Be7 5. O-O O-O 6. Re1 d6 7. a4 Kh8 8. a5
a6 9. Nc3 Ng8 10. Nd5 f5 11. Nxe7 Qxe7 12. Bg5 Qe8 13. exf5 Qh5 14. Be3 Bxf5
15. Ng5 Qg6 16. Qd2 Nge7 17. Nf3 Bh3 18. Ng5 Bd7 19. f4 d5 20. Bb3 d4 21. Bf2
Rxf4 22. Qxf4 exf4 23. Nf7+ Qxf7 24. Bxf7 Rf8 25. Bb3 1/2-1/2

[Event "2BLN 1920 SV Werder Bremen II - SK Kön"]
[Site "?"]
[Date "2019.10.19"]
[Round "1.1"]
[White "Stern, Rene"]
[Black "Grigorian, Spartak"]
[Result "1/2-1/2"]
[WhiteElo "2520"]
[BlackElo "2370"]
[PlyCount "74"]
[EventDate "2019.??.??"]

1. Nf3 d5 2. d4 Nf6 3. c4 c6 4. e3 a6 5. a4 Bf5 6. Nc3 e6 7. Qb3 Qc7 8. a5 Nbd7
9. Be2 h6 10. Bd2 Bd6 11. Na4 O-O 12. Bb4 Bxb4+ 13. Qxb4 e5 14. Nb6 Rad8 15.
Nxd7 Nxd7 16. cxd5 cxd5 17. O-O Bg4 18. Rac1 Qb8 19. h3 Bh5 20. Kh1 f5 21. Qb3
e4 22. Ng1 Bf7 23. Rc2 Rc8 24. Rfc1 Be6 25. f4 exf3 26. Bxf3 Rxc2 27. Rxc2 Nf6
28. Ne2 g5 29. Qb6 Qe8 30. Qd6 g4 31. Nf4 gxf3 32. Nxe6 Ne4 33. Qxf8+ Qxf8 34.
Nxf8 f2 35. Rxf2 Nxf2+ 36. Kg1 Nxh3+ 37. gxh3 Kxf8 1/2-1/2

[Event "2BLN 1920 SV Werder Bremen II - SK Kön"]
[Site "?"]
[Date "2019.10.19"]
[Round "1.2"]
[White "Reuker, Jari"]
[Black "Rabiega, Robert"]
[Result "0-1"]
[WhiteElo "2394"]
[BlackElo "2507"]
[PlyCount "96"]
[EventDate "2019.??.??"]

1. d4 d5 2. c4 dxc4 3. e4 Nc6 4. Nf3 Bg4 5. d5 Ne5 6. Bf4 Ng6 7. Bg3 e5 8. Bxc4
Bd6 9. Nc3 Nf6 10. Bb5+ Kf8 11. Be2 Kg8 12. Nd2 h5 13. h4 Bd7 14. Qb3 Rb8 15.
a4 Qe7 16. Nf3 Nf4 17. Bxf4 exf4 18. Bd3 Ng4 19. Ng5 g6 20. Bb5 c6 21. Bc4 Ne5
22. Rd1 Kg7 23. Be2 Rhe8 24. dxc6 bxc6 25. Qc2 Bc5 26. Qc1 Qf6 27. O-O Bb6 28.
b4 Bg4 29. a5 Bd8 30. f3 Bc8 31. g3 fxg3 32. f4 Ng4 33. e5 Qe7 34. Nce4 Rxb4
35. Nd6 Bxa5 36. Rf3 Rf8 37. Qxc6 Be6 38. Rxg3 Rxf4 39. Rf1 Nxe5 40. Qb5 Rxf1+
41. Kxf1 Qxd6 42. Qxa5 Bg4 43. Qxa7 Bxe2+ 44. Kxe2 Rd8 45. Qa1 Qd2+ 46. Kf1 Rd4
47. Kg1 Qf4 48. Qe1 Rd1 0-1

[Event "2BLN 1920 SV Werder Bremen II - SK Kön"]
[Site "?"]
[Date "2019.10.19"]
[Round "1.3"]
[White "Muse, Mladen"]
[Black "Markgraf, Alexander"]
[Result "1/2-1/2"]
[WhiteElo "2387"]
[BlackElo "2486"]
[PlyCount "29"]
[EventDate "2019.??.??"]

1. Nf3 d6 2. d4 f5 3. g3 Nf6 4. Bg2 g6 5. O-O Bg7 6. c4 O-O 7. Nc3 Qe8 8. Nd5
Nxd5 9. cxd5 Nd7 10. Ng5 Nb6 11. h4 c6 12. dxc6 bxc6 13. Qb3+ e6 14. Qb4 Qd7
15. Rd1 1/2-1/2

[Event "2BLN 1920 SV Werder Bremen II - SK Kön"]
[Site "?"]
[Date "2019.10.19"]
[Round "1.4"]
[White "Meins, Gerlef"]
[Black "Bruedigam, Martin"]
[Result "1/2-1/2"]
[WhiteElo "2415"]
[BlackElo "2398"]
[PlyCount "33"]
[EventDate "2019.??.??"]

1. Nf3 d5 2. d4 Nf6 3. c4 e6 4. g3 Bb4+ 5. Bd2 Be7 6. Bg2 O-O 7. O-O c6 8. Qc2
b6 9. Bf4 Bb7 10. cxd5 cxd5 11. Nc3 Nc6 12. Rfc1 h6 13. Qd1 Nh5 14. Bd2 Nf6 15.
Bf4 Nh5 16. Bd2 Nf6 17. Bf4 1/2-1/2

[Event "2BLN 1920 SV Werder Bremen II - SK Kön"]
[Site "?"]
[Date "2019.10.19"]
[Round "1.5"]
[White "Fruebing, Stefan"]
[Black "Joachim, Sven"]
[Result "1-0"]
[WhiteElo "2416"]
[BlackElo "2384"]
[PlyCount "107"]
[EventDate "2019.??.??"]

1. e4 e5 2. Nf3 Nc6 3. Bc4 Nf6 4. d3 Be7 5. O-O O-O 6. Re1 d6 7. a4 Kh8 8. a5
a6 9. Nc3 Ng8 10. Nd5 f5 11. c3 fxe4 12. dxe4 Bg4 13. Be2 Nf6 14. h3 Be6 15.
Bc4 Qd7 16. Ng5 Bg8 17. Qb3 Nd8 18. Be3 h6 19. Nxf6 Bxf6 20. Bxg8 Rxg8 21. Nf3
Qe6 22. Qxe6 Nxe6 23. h4 h5 24. g3 Rad8 25. Red1 Rd7 26. Rd3 Rgd8 27. Rad1 Kg8
28. c4 c5 29. Kf1 Nd4 30. Bxd4 cxd4 31. Ra3 Rc8 32. Ra4 Rdc7 33. b3 Rc5 34. Ne1
Bd8 35. Rda1 R5c7 36. Nd3 g5 37. hxg5 Bxg5 38. Ke2 Rf8 39. Rh1 Rh7 40. Raa1 h4
41. gxh4 Bxh4 42. Rag1+ Kh8 43. Rg6 Bf6 44. Rhg1 Rh2 45. R1g2 Rxg2 46. Rxg2 Kh7
47. f4 Bd8 48. fxe5 dxe5 49. b4 Bf6 50. c5 Kh6 51. Rf2 Kg7 52. Rf5 Rh8 53. Nxe5
Re8 54. Ng4 1-0

[Event "2BLN 1920 SV Werder Bremen II - SK Kön"]
[Site "?"]
[Date "2019.10.19"]
[Round "1.6"]
[White "Richter, Christian"]
[Black "Mueller, Nick"]
[Result "1/2-1/2"]
[WhiteElo "2358"]
[BlackElo "2360"]
[PlyCount "89"]
[EventDate "2019.??.??"]

1. d4 Nf6 2. Nf3 g6 3. g3 Bg7 4. Bg2 d5 5. O-O O-O 6. c4 c6 7. cxd5 cxd5 8. Ne5
Ne4 9. Nc3 Nxc3 10. bxc3 Nc6 11. Nxc6 bxc6 12. Qa4 Qb6 13. Ba3 Qa6 14. Qxa6
Bxa6 15. Rfb1 Bxe2 16. Bxe7 Rfb8 17. Bd6 Rb6 18. Bc5 Rxb1+ 19. Rxb1 Bf8 20. Bf1
Bxf1 21. Kxf1 Bxc5 22. dxc5 Re8 23. Rb2 a5 24. Rb6 Re4 25. Rxc6 Rc4 26. Rc8+
Kg7 27. c6 Rxc3 28. Rd8 Rc1+ 29. Kg2 Rxc6 30. Rxd5 a4 31. Rd4 a3 32. Rd3 Ra6
33. Kf3 g5 34. g4 Ra4 35. h3 Kg6 36. Kg3 f6 37. Rf3 h6 38. Kg2 Ra6 39. Kf1 h5
40. Kg2 hxg4 41. hxg4 Ra5 42. Re3 Ra6 43. Rf3 Ra5 44. Re3 Ra6 45. Rf3 1/2-1/2

[Event "2BLN 1920 SV Werder Bremen II - SK Kön"]
[Site "?"]
[Date "2019.10.19"]
[Round "1.7"]
[White "Sarbok, Torsten"]
[Black "Charmeteau, Sven"]
[Result "0-1"]
[WhiteElo "2334"]
[BlackElo "2331"]
[PlyCount "72"]
[EventDate "2019.??.??"]

1. e4 c5 2. Nf3 Nc6 3. Bb5 e6 4. O-O Nge7 5. c3 a6 6. Be2 d5 7. exd5 Nxd5 8. d4
Be7 9. dxc5 Bxc5 10. Nbd2 O-O 11. Ne4 Be7 12. c4 Nf6 13. Nc3 Qc7 14. Bg5 Rd8
15. Qc2 Ng4 16. Bxe7 Nd4 17. Rfd1 Nxc2 18. Bxd8 Qc5 19. Ne4 Qc6 20. Rac1 Bd7
21. Be7 Qxe4 22. Bd3 Qf4 23. Rxc2 Bc6 24. Bd6 e5 25. Be2 Nxh2 26. Nxe5 Qe4 27.
Nxc6 Qxc2 28. Ne7+ Kh8 29. Bh5 Qxc4 30. Bxh2 Qh4 31. Bf3 Qxe7 32. Bf4 Rd8 33.
Rxd8+ Qxd8 34. Bxb7 Qb6 35. Bc8 Qxb2 36. Bxa6 Qf6 0-1

[Event "2BLN 1920 SV Werder Bremen II - SK Kön"]
[Site "?"]
[Date "2019.10.19"]
[Round "1.8"]
[White "Wachinger, Nikolas"]
[Black "Tomczak, Rainer"]
[Result "1/2-1/2"]
[WhiteElo "2297"]
[BlackElo "2287"]
[PlyCount "75"]
[EventDate "2019.??.??"]

1. e4 c5 2. Nf3 Nc6 3. Bb5 Nf6 4. Bxc6 dxc6 5. d3 Qc7 6. Nbd2 g6 7. h3 Bg7 8.
a4 O-O 9. a5 Bd7 10. Nc4 Be6 11. Ne3 c4 12. Ng5 cxd3 13. cxd3 Bd7 14. O-O Rad8
15. Qc2 Bc8 16. Nc4 Nh5 17. Be3 Bd4 18. Nf3 Bxe3 19. fxe3 Qg3 20. Nd4 e5 21.
Ne2 Qg5 22. Kh2 Be6 23. Rf3 f5 24. exf5 Rxf5 25. Raf1 Rdf8 26. Rxf5 Rxf5 27.
Rxf5 Qxf5 28. Kg1 Bxc4 29. Qxc4+ Kg7 30. e4 Qg5 31. Qc5 a6 32. Kh2 Nf4 33. Nxf4
Qxf4+ 34. Kg1 h5 35. Qe7+ Kh6 36. Qxb7 Qe3+ 37. Kh1 Qc1+ 38. Kh2 1/2-1/2

[Event "2BLN 1920 SG AE Magdeburg - SV Glückau"]
[Site "?"]
[Date "2019.10.19"]
[Round "1.1"]
[White "Leniart, Arkadiusz"]
[Black "Roseneck, Jonas"]
[Result "1-0"]
[WhiteElo "2498"]
[BlackElo "2402"]
[PlyCount "89"]
[EventDate "2019.??.??"]

1. d4 Nf6 2. c4 g6 3. Nc3 d5 4. Bg5 Ne4 5. Bh4 Nxc3 6. bxc3 Bg7 7. e3 c5 8.
cxd5 Qxd5 9. Nf3 cxd4 10. cxd4 Nc6 11. Be2 e5 12. dxe5 Qa5+ 13. Qd2 Qxd2+ 14.
Kxd2 Nxe5 15. Rac1 O-O 16. Nd4 Nc6 17. Nxc6 bxc6 18. Rhd1 Rb8 19. Ke1 Be6 20.
Bc4 Rb4 21. Bxe6 Rxh4 22. Bb3 Rxh2 23. Rxc6 Rh1+ 24. Ke2 Rxd1 25. Bxd1 Be5 26.
f4 Bb8 27. Bb3 Rd8 28. Rc5 Bd6 29. Rb5 Re8 30. Kf3 Re7 31. e4 Rc7 32. e5 Bc5
33. Rb8+ Kg7 34. g4 Bb6 35. f5 Rc3+ 36. Ke4 h5 37. Rb7 Rc7 38. f6+ Kh6 39. Rxc7
Bxc7 40. gxh5 Kxh5 41. Bxf7 Kg5 42. Bc4 Bd8 43. Kd5 Kf4 44. Kd6 Ba5 45. e6 1-0

[Event "2BLN 1920 SG AE Magdeburg - SV Glückau"]
[Site "?"]
[Date "2019.10.19"]
[Round "1.2"]
[White "Gungl, Theo"]
[Black "Sieciechowicz, Marcin"]
[Result "1/2-1/2"]
[WhiteElo "2356"]
[BlackElo "2366"]
[PlyCount "80"]
[EventDate "2019.??.??"]

1. e4 e6 2. d4 d5 3. Nd2 c5 4. exd5 Qxd5 5. Ngf3 cxd4 6. Bc4 Qd6 7. O-O Nf6 8.
Nb3 Nc6 9. Nbxd4 Nxd4 10. Nxd4 Be7 11. b3 O-O 12. Bb2 Qf4 13. Qf3 Qxf3 14. Nxf3
b6 15. Rad1 Bb7 16. Ne5 Rfd8 17. Be2 Ne4 18. Bf3 f6 19. Nd3 Nd6 20. Bxb7 Nxb7
21. Rde1 Kf7 22. Re2 Nc5 23. Nxc5 Bxc5 24. g3 a5 25. a4 Rac8 26. Kg2 Bd4 27.
Bxd4 Rxd4 28. f4 Rcd8 29. Rf3 f5 30. Rc3 R8d6 31. Kf3 Kf6 32. Rc8 R4d5 33. Rf8+
Ke7 34. Rg8 Kf7 35. Rc8 h6 36. h4 Rd1 37. Re3 Rf1+ 38. Ke2 Rdd1 39. Rc7+ Kf6
40. Rc6 Rfe1+ 1/2-1/2

[Event "2BLN 1920 SG AE Magdeburg - SV Glückau"]
[Site "?"]
[Date "2019.10.19"]
[Round "1.3"]
[White "Steczek, Marcin"]
[Black "Biastoch, Bennet"]
[Result "1/2-1/2"]
[WhiteElo "2366"]
[BlackElo "2256"]
[PlyCount "170"]
[EventDate "2019.??.??"]

1. Nf3 d5 2. g3 Nf6 3. Bg2 g6 4. c4 c6 5. d4 Bg7 6. O-O O-O 7. Nc3 dxc4 8. a4
c5 9. d5 Na6 10. Ne5 Ne4 11. Nxc4 Nxc3 12. bxc3 Bxc3 13. Rb1 Nb4 14. Bh6 Re8
15. e4 Bd7 16. Be3 Rc8 17. Qb3 Bg7 18. Rfd1 b5 19. axb5 Bxb5 20. Na3 Qa5 21.
Nxb5 Qxb5 22. Bf1 Qb6 23. Bc4 Red8 24. Rd2 Qf6 25. Rc1 Qf3 26. Qb1 a5 27. Be2
Qf6 28. Rxc5 Rxc5 29. Bxc5 Qc3 30. Be3 a4 31. Bd1 a3 32. Bb3 Rb8 33. Kg2 Na6
34. Qf1 Qxb3 35. Qxa6 Bb2 36. Bd4 Qb4 37. Qd3 Bxd4 38. Qxd4 Qxd4 39. Rxd4 Ra8
40. Rd1 a2 41. Ra1 Kg7 42. h4 Ra3 43. h5 Kf6 44. f4 g5 45. e5+ Kf5 46. d6 exd6
47. exd6 gxf4 48. d7 Rxg3+ 49. Kf2 Rd3 50. Rxa2 Rxd7 51. Ra8 Rd2+ 52. Kf3 Rd3+
53. Kf2 Rh3 54. Rb8 Rxh5 55. Kf3 Rh3+ 56. Kf2 h5 57. Rf8 f6 58. Rh8 Ra3 59.
Rxh5+ Kg4 60. Rh6 Ra2+ 61. Kg1 f5 62. Rg6+ Kh3 63. Rf6 Rg2+ 64. Kf1 Rg5 65. Ra6
Kg3 66. Kg1 f3 67. Ra8 Rg7 68. Kf1 Rg6 69. Rb8 Ra6 70. Rg8+ Kf4 71. Rb8 Ra1+
72. Kf2 Ra2+ 73. Kf1 Rh2 74. Ra8 Rh4 75. Kf2 Rh2+ 76. Kf1 Rb2 77. Rc8 f2 78.
Rc3 Ke4 79. Ra3 f4 80. Ra4+ Kf3 81. Ra3+ Kg4 82. Rc3 Ra2 83. Rb3 f3 84. Rb4+
Kg3 85. Rg4+ Kxg4 1/2-1/2

[Event "2BLN 1920 SG AE Magdeburg - SV Glückau"]
[Site "?"]
[Date "2019.10.19"]
[Round "1.4"]
[White "Sieber, Fiona"]
[Black "Dudzinski, Piotr"]
[Result "0-1"]
[WhiteElo "2252"]
[BlackElo "2324"]
[PlyCount "88"]
[EventDate "2019.??.??"]

1. e4 e6 2. d4 d5 3. Nc3 dxe4 4. Nxe4 Bd7 5. Nf3 Bc6 6. Bd3 Nd7 7. O-O Ngf6 8.
Ned2 Be7 9. Re1 O-O 10. b3 b6 11. Bb2 Bb7 12. Qe2 c5 13. Rad1 Qc7 14. c4 Rfc8
15. Bb1 Qf4 16. Bc1 Qg4 17. h3 Qh5 18. Qf1 cxd4 19. Nxd4 Bc5 20. Nb5 Rd8 21.
Ne4 Bxe4 22. Bxe4 Nxe4 23. Rxe4 Nf6 24. Ree1 Bb4 25. Re2 a6 26. Nd4 Bc5 27. Nf3
Qf5 28. Bg5 Rxd1 29. Qxd1 Ne4 30. Qc1 Nxg5 31. Nxg5 Rd8 32. Nf3 Rd3 33. Qc2 h6
34. Rd2 Rxd2 35. Qxd2 Qb1+ 36. Kh2 Qf1 37. Kg3 Qb1 38. Ne5 Qf5 39. f4 g5 40.
Qd8+ Kg7 41. Qd2 gxf4+ 42. Qxf4 Bd6 43. Qxf5 exf5 44. Kf4 Kf6 0-1

[Event "2BLN 1920 SG AE Magdeburg - SV Glückau"]
[Site "?"]
[Date "2019.10.19"]
[Round "1.5"]
[White "Janaszak, Dawid"]
[Black "Andre, Gordon"]
[Result "1/2-1/2"]
[WhiteElo "2354"]
[BlackElo "2376"]
[PlyCount "72"]
[EventDate "2019.??.??"]

1. c4 Nf6 2. g3 e6 3. Bg2 d5 4. Nf3 Be7 5. O-O dxc4 6. Qa4+ Nbd7 7. Qxc4 a6 8.
Qc2 c5 9. b3 Qc7 10. Bb2 b5 11. a4 Bb7 12. d3 O-O 13. Nbd2 Nd5 14. Rfc1 Rac8
15. Ne4 Rfd8 16. axb5 axb5 17. Qb1 h6 18. h3 Qb6 19. Kh2 Nb4 20. Bc3 f5 21.
Ned2 Nf6 22. Qb2 Ra8 23. Rxa8 Rxa8 24. Ra1 Nbd5 25. Be5 Ra5 26. Ne1 Qa7 27. Nc2
Rxa1 28. Qxa1 Qxa1 29. Bxa1 Bd8 30. Nf3 Nb6 31. Ne5 Bxg2 32. Kxg2 Ne8 33. Nc6
Bf6 34. Be5 c4 35. dxc4 bxc4 36. bxc4 Nxc4 1/2-1/2

[Event "2BLN 1920 SG AE Magdeburg - SV Glückau"]
[Site "?"]
[Date "2019.10.19"]
[Round "1.6"]
[White "Paul, Johannes"]
[Black "Sroczynski, Maciej"]
[Result "1-0"]
[WhiteElo "2364"]
[BlackElo "2304"]
[PlyCount "133"]
[EventDate "2019.??.??"]

1. d4 d5 2. c4 c6 3. Nf3 Nf6 4. e3 Bf5 5. Nc3 e6 6. Nh4 Bg4 7. Qb3 Qb6 8. h3
Bh5 9. g4 Bg6 10. Nxg6 hxg6 11. g5 Nfd7 12. Bg2 Be7 13. f4 Na6 14. Bd2 Qb4 15.
cxd5 Qxb3 16. axb3 exd5 17. h4 f5 18. Ne2 Nb4 19. Kf2 a5 20. Ng3 Kf7 21. h5
gxh5 22. Nxf5 Bf8 23. Bh3 Nb6 24. Nh4 Be7 25. Nf3 g6 26. Ne5+ Kg7 27. Bf1 Bd6
28. Be2 Nc8 29. Nd3 Ne7 30. Nc5 b6 31. Nd7 b5 32. Rhc1 Ra7 33. Nc5 Rha8 34. Kf3
Kf7 35. Bf1 Nf5 36. Bh3 Ne7 37. Be6+ Kg7 38. Ke2 Bc7 39. Bh3 Bd6 40. Ne6+ Kf7
41. Nc5 Ke8 42. Be6 Kf8 43. Rf1 Kg7 44. f5 gxf5 45. Bxf5 Na6 46. Ne6+ Kg8 47.
Bd3 Nc7 48. Nf4 a4 49. bxa4 Rxa4 50. Rxa4 bxa4 51. Nxh5 c5 52. Rf6 Ne8 53. Rh6
c4 54. Bh7+ Kf8 55. Bc2 a3 56. bxa3 Bxa3 57. g6 Kg8 58. Rh7 Ra6 59. Nf4 Nxg6
60. Bxg6 Rxg6 61. Ra7 Rg5 62. Rxa3 Nf6 63. Ra8+ Kf7 64. Ra7+ Ke8 65. Bb4 Rf5
66. Ne6 Nd7 67. Ng7+ 1-0

[Event "2BLN 1920 SG AE Magdeburg - SV Glückau"]
[Site "?"]
[Date "2019.10.19"]
[Round "1.7"]
[White "Szyszylo, Rafal"]
[Black "Melamed, Tatjana"]
[Result "0-1"]
[WhiteElo "2258"]
[BlackElo "2356"]
[PlyCount "78"]
[EventDate "2019.??.??"]

1. e4 c5 2. Nf3 e6 3. d4 cxd4 4. Nxd4 Nc6 5. Nc3 Qc7 6. Be3 a6 7. Qd2 Nf6 8.
O-O-O Bb4 9. f3 Ne5 10. Nb3 b5 11. Bd4 Be7 12. Qf2 d6 13. g4 O-O 14. g5 Nfd7
15. f4 b4 16. Ne2 Bb7 17. Ng3 Rfc8 18. Kb1 Nc4 19. Bxc4 Qxc4 20. Na5 Qc7 21.
Nxb7 Qxb7 22. Rhf1 Bf8 23. f5 e5 24. Be3 Nc5 25. Bxc5 Rxc5 26. Rd2 a5 27. Rfd1
a4 28. Rd5 Rc4 29. Qe2 Rac8 30. b3 axb3 31. cxb3 Rc3 32. R5d3 R8c5 33. Rxc3
bxc3 34. Rc1 d5 35. exd5 Rxd5 36. Rxc3 Qd7 37. Qc4 Rd1+ 38. Rc1 Ba3 39. Qc8+
Qxc8 0-1

[Event "2BLN 1920 SG AE Magdeburg - SV Glückau"]
[Site "?"]
[Date "2019.10.19"]
[Round "1.8"]
[White "Schoene, Maria"]
[Black "Szadkowski, Kamil"]
[Result "0-1"]
[WhiteElo "2152"]
[BlackElo "2279"]
[PlyCount "140"]
[EventDate "2019.??.??"]

1. e4 c5 2. Nf3 d6 3. d4 cxd4 4. Nxd4 Nf6 5. Nc3 a6 6. Be3 e5 7. Nb3 Be7 8. h3
Qc7 9. g4 Be6 10. g5 Nfd7 11. Qe2 O-O 12. O-O-O Nc6 13. Kb1 b5 14. Nd5 Bxd5 15.
exd5 Na5 16. Nxa5 Qxa5 17. h4 Nb6 18. Bh3 f5 19. gxf6 Bxf6 20. Bxb6 Qxb6 21.
Bf5 e4 22. Rhg1 Ra7 23. Qh5 g6 24. Bxe4 Qxf2 25. Qg4 Bxh4 26. Qe6+ Kh8 27. Qxd6
Qf4 28. Qxf4 Rxf4 29. Bg2 Rd7 30. Bh3 Rd6 31. Be6 Kg7 32. Kc1 Bf6 33. c3 h5 34.
Rg2 Be5 35. Rdg1 Rf6 36. Kc2 Bf4 37. b3 Rd8 38. c4 Be3 39. Rh1 Kh6 40. Re2 Bc5
41. Kd3 bxc4+ 42. bxc4 Rb8 43. Ke4 Bd6 44. Rc2 Rf4+ 45. Kd3 Bc5 46. Rh3 Rb4 47.
Bc8 Ra4 48. Rh1 Ra3+ 49. Ke2 Re3+ 50. Kd1 Rd3+ 51. Ke2 Re3+ 52. Kd1 Rd4+ 53.
Kc1 Ba3+ 54. Kb1 Red3 55. Rg2 Rxc4 56. Bxa6 Rb4+ 57. Kc2 Rxd5 58. Rhg1 Rb2+ 59.
Kc3 Rxg2 60. Rxg2 Bd6 61. Bc4 Be5+ 62. Kb3 Rd1 63. Kb4 g5 64. a4 Rb1+ 65. Kc5
g4 66. a5 Kg5 67. a6 Bb8 68. Bd3 Ba7+ 69. Kd5 Rb4 70. Ke5 h4 0-1

[Event "2BLN 1920 SC Empor Potsdam - SF Berlin "]
[Site "?"]
[Date "2019.10.19"]
[Round "1.1"]
[White "Lauber, Arnd"]
[Black "Hansch, Karsten"]
[Result "0-1"]
[WhiteElo "2420"]
[BlackElo "2262"]
[PlyCount "46"]
[EventDate "2019.??.??"]

1. d4 Nf6 2. c4 e6 3. Nc3 d5 4. cxd5 exd5 5. Bg5 c6 6. Qc2 Be7 7. e3 Nbd7 8.
Bd3 h6 9. Bf4 Nh5 10. Be5 Nxe5 11. dxe5 d4 12. exd4 Qxd4 13. Nf3 Qg4 14. O-O-O
Qxg2 15. Be4 Qh3 16. Ne2 O-O 17. Kb1 Rd8 18. Nfd4 Qh4 19. Nxc6 Rxd1+ 20. Rxd1
bxc6 21. Qxc6 Rb8 22. Rd8+ Bf8 23. Rd4 Qe7 0-1

[Event "2BLN 1920 SC Empor Potsdam - SF Berlin "]
[Site "?"]
[Date "2019.10.19"]
[Round "1.2"]
[White "Penzold, Andreas"]
[Black "Schmidek, Emil"]
[Result "0-1"]
[WhiteElo "2391"]
[BlackElo "2387"]
[PlyCount "72"]
[EventDate "2019.??.??"]

1. c4 e6 2. Nc3 d5 3. d4 a6 4. cxd5 exd5 5. g3 Nf6 6. Bg2 c6 7. Nf3 Bd6 8. O-O
O-O 9. Qc2 Re8 10. Bg5 h6 11. Bxf6 Qxf6 12. e4 dxe4 13. Nxe4 Qd8 14. Nxd6 Qxd6
15. Qb3 Re7 16. Rfe1 Be6 17. Qa3 Qxa3 18. bxa3 Nd7 19. Rab1 Nf8 20. Rb2 Rd8 21.
h4 Rc7 22. Reb1 Bc8 23. Kh2 g6 24. Rb4 Re7 25. R1b2 Kg7 26. Bh3 f5 27. Bg2 Ne6
28. Rc4 Red7 29. Rd2 Kf6 30. a4 a5 31. Rb2 Nxd4 32. Nxd4 Rxd4 33. Rc5 Rxa4 34.
Bxc6 bxc6 35. Rxc6+ Be6 36. Ra6 Kf7 0-1

[Event "2BLN 1920 SC Empor Potsdam - SF Berlin "]
[Site "?"]
[Date "2019.10.19"]
[Round "1.3"]
[White "Seyb, Alexander"]
[Black "Hansch, Stephan"]
[Result "1-0"]
[WhiteElo "2429"]
[BlackElo "2172"]
[PlyCount "57"]
[EventDate "2019.??.??"]

1. e4 c5 2. Nf3 d6 3. d4 cxd4 4. Nxd4 Nf6 5. Nc3 a6 6. g3 e5 7. Nde2 Be7 8. Bg2
Be6 9. O-O O-O 10. a4 Nbd7 11. b3 Rc8 12. h3 Nc5 13. Be3 b5 14. axb5 axb5 15.
b4 Nb7 16. Ra7 Qd7 17. f4 Bxh3 18. fxe5 Bxg2 19. exf6 Bxf6 20. Rxf6 Qh3 21. Rf4
g5 22. Rf5 h6 23. Rxb7 Rxc3 24. Nxc3 Qxg3 25. Bf2 Qh3 26. Bd4 g4 27. Qd2 Qh1+
28. Kf2 Bf3 29. Rg5+ 1-0